| 000 | 01339nam a2200373 c 4500 | ||
|---|---|---|---|
| 003 | BLK | ||
| 005 | 20250530152521.0 | ||
| 008 | 180409b bul|||||r ||||||| ||bul|| | ||
| 010 | _aKNG00139062000 | ||
| 020 |
_a978-954-655-342-3 _bиздат.: Бард |
||
| 040 | _aBLK | ||
| 041 |
_aBUL _cBUL |
||
| 072 | 7 |
_2bullib _aН8301 _xТрилъри Н |
|
| 080 |
_aАнглийска литература _b821.111 _x-312.4 _z821.111-312.4 |
||
| 100 | 1 |
_aЗюсман, Пол _eпърви автор _9303930 |
|
| 700 | 1 |
_aБожилов, Венцислав _eпрев. _9366151 |
|
| 139 |
_aЗюсман, Пол _bЗ 98 |
||
| 245 | 1 | 0 |
_aЛабиринтът на Озирис _bРоман _cПол Зюсман; прев. Венцислав Божилов. |
| 257 | _aGBR | ||
| 260 |
_аСофия _bБард _c2012 _fХасково : Полиграф |
||
| 300 |
_a624 с. _c20 см |
||
| 380 | _aX | ||
| 490 | 1 | _aКралете на трилъра | |
| 500 | _aОриг. загл. The Labyrinth of Osiris / Paul Sussman. | ||
| 653 | _aтрилъри | ||
| 653 | _aромани | ||
| 659 | _aН | ||
| 852 | _aЦб 258181 | ||
| 856 | 4 |
_qpdf _u |
|
| 856 | 4 |
_qpdf _u |
|
| 942 |
_cKNG _n0 _046 |
||
| 944 |
_aCR _c06.02.2013 _lЦветомила Тодорова _k30576 |
||
| 944 |
_aED _c01.12.2014 _lф / _kВиолета_Тройчева |
||
| 999 |
_c133172 _d133172 |
||